Nhạc phim - Nhạc lãng mạng nổi tiếng soạn cho đàn piano 1

Shranjeno v:
Bibliografske podrobnosti
Glavni avtor: Cù, Minh Nhật (Chủ biên)
Drugi avtorji: Đặng, Thái Sơn
Format: Knjiga
Jezik:Vietnamese
Izdano: Hà Nội Dân trí- Cty văn hóa Huy Hoàng 2018
Teme:
Oznake: Označite
Brez oznak, prvi označite!
Thư viện lưu trữ: Trung tâm Học liệu Lê Vũ Hùng, Trường Đại học Đồng Tháp
LEADER 00847pmm a22002298a 4500
001 00042753
005 20181017141049.0
008 130124s2011 ||||||viesd
041 0 # |a vie 
082 1 4 |a 781.542  |b NH101PH 
100 1 # |e Chủ biên  |a Cù, Minh Nhật 
245 1 0 |h Nguồn liệu điện tử  |a Nhạc phim - Nhạc lãng mạng nổi tiếng soạn cho đàn piano 1  |c Cù Minh Nhật; Đặng Thái Sơn 
260 # # |a Hà Nội  |b Dân trí- Cty văn hóa Huy Hoàng  |c 2018 
300 # # |e sách  |a 1 CD  |c 43/4 inch  |b minh họa 
653 # # |a nhạc phim 
653 # # |a Đĩa CD 
653 # # |a Đàn piano 
653 # # |a Âm nhạc 
700 1 # |a Đặng, Thái Sơn 
852 # # |j DPT.0004074 
910 |d 17/10/2018 
980 # # |a Trung tâm Học liệu Lê Vũ Hùng, Trường Đại học Đồng Tháp